000 00965nam a2200325 4500
001
003 DO-SdBPM
005 20250515135523.0
007 0000330461
008 220714b2010 p || 00| 0 spa d
016 7 _a
_z
_2
017 _a
_b
020 _a9789972082559
035 _a
040 _aDO-SdBPM
_bspa
_cBPMSU
082 4 _a320.1
_bM297p 2010
_222
100 1 _a Maquiavelo, Nicolás,
_d1469-1527
245 1 3 _aEl príncipe /
_cNicolás Maquiavelo
_h
246 1 4 _aEl principe :
_bcomentado para comprensión de lectura
260 _aLima, Perú :
_bEditoria Chirre,
_c2010
300 _a81 p. ;
_c23 cm
490 0 _aLas obras de los genios de la literatura
504 _a
590 _6Inventariado, 2025/VM
600 4 _aMaquiavelo, Nicolás
_d1469-1527.
_xCrítica e interpretación.
_t
650 4 _aCiencia política.
_2
650 4 _aÉtica política.
910 _aVMateo V Control de calidad. BPMSU
942 _2ddc
_cBK
999 _c15058
_d15058